Misyonerler arasında altı ay: (Record no. 14073)
[ view plain ]
| 000 -BAŞLIK | |
|---|---|
| Sabit Uzunlukta Kontrol Alanı | 00879nam a22002657a 4500 |
| 999 ## - SİSTEM KONTROL NUMARALARI (KOHA) | |
| Koha Biblionumber | 14073 |
| Koha Biblioitemnumber | 14073 |
| 003 - KONTROL NUMARASI IDENTIFIER | |
| Denetim Alanı | MIRAKIL |
| 005 - SON İŞLEM TARİHİ VE ZAMANI | |
| Denetim Alanı | 20200921155356.0 |
| 008 - SABİT-BOY VERİ ELEMANLARI - GENEL BİLGİLER | |
| Sabit Uzunlukta Kontrol Alanı | 200921b tu ||||| |||| 00| 0 tur d |
| 020 ## - ULUSLARARASI STANDART KİTAP NUMARASI | |
| Uluslararası Standart Kitap Numarası | 9756448278 |
| 040 ## - KATALOGLAMA KAYNAK | |
| Orijinal Kataloglama Ajansı | TR-AnCHP |
| Kataloglama Dili | tur |
| Metne Dönüştürmek Ajansı | TR-AnCHP |
| 041 ## - DİL KODU | |
| Metin / Ses Parça Veya Ayrı Başlığın Dil Kodu | tur |
| 082 ## - DEWEY ONLU SINIFLANDIRMA NUMARASI | |
| Sınıflandırma Numarası | 266 |
| Ürün Numarası | P69m 2004 |
| 100 1# - ANA GİRİŞ - KİŞİSEL İSİM | |
| Kişisel Ad | Poyraz, Ergün |
| 245 ## - BAŞLIK TABLOSU | |
| Başlık | Misyonerler arasında altı ay: |
| Başlığın Kalan | dünden bugüne Hristiyanlık ve Yahudiliğin analizi / |
| Sorumluluk Tablosu, Vb | Ergün Poyraz. |
| 246 ## - UNVAN FORM VARYING | |
| Başlık Doğru / Kısa Başlığı | dünden bugüne Hristiyanlık ve Yahudiliğin analizi |
| 250 ## - EDITION TABLOSU | |
| Baskı Beyanı | Gnşl. 2 bs. |
| 260 ## - YAYIN, DAĞITIM, VB | |
| Yayın, Dağıtım, Vb Yeri | İstanbul: |
| Yayıncı, Dağıtıcı, Vs Adı | Toplumsal Dönüşüm Yayınları, |
| Yayın, Dağıtım, Vb Tarihi | 2004. |
| 300 ## - FİZİKSEL TANIM | |
| Kapsam | 448 s. |
| Boyutlar | 19 sm. |
| 650 ## - KONU KATMA GİRİŞ - TOPİKAL DÖNEM | |
| Topikal Süreli Veya Coğrafi Ad Giriş Elemanı | Misyonerlik |
| Coğrafi Alt Bölümü | Türkiye |
| 650 ## - KONU KATMA GİRİŞ - TOPİKAL DÖNEM | |
| Topikal Süreli Veya Coğrafi Ad Giriş Elemanı | Misyoner örgütleri |
| Genel Alt Bölümü | Türkiye |
| 650 #0 - KONU KATMA GİRİŞ - TOPİKAL DÖNEM | |
| Topikal Süreli Veya Coğrafi Ad Giriş Elemanı | Hıristiyanlık |
| 9 (RLIN) | 6517 |
| 650 #0 - KONU KATMA GİRİŞ - TOPİKAL DÖNEM | |
| Topikal Süreli Veya Coğrafi Ad Giriş Elemanı | Yahudilik |
| 9 (RLIN) | 6518 |
| 740 ## - KATMA GİRİŞ - KONTROLSUZ İLGİLİ / ANALİTİK BAŞLIK | |
| Kontrol Edilmeyen / İlgili Analitik Başlıktaki | dünden bugüne Hristiyanlık ve Yahudiliğin analizi |
| 942 ## - EKLENDİ GİRİŞ ELEMANLARI (KOHA) | |
| Sınıflandırma Veya Raf Düzeni Kaynak | Dewey Decimal Classification |
| Koha Öğesi Türü | Books |
| Kalıcı Konum | Mevcut Konum | Edinme Tarihi | Toplam Check-Out'Lar | Tam Çağrı Numarası | Barkod | Tarih Son Görülme | İtibaren Geçerli Fiyatlar | Sigara Kamu Notu | Koha Öğesi Türü |
|---|---|---|---|---|---|---|---|---|---|
| CHP Kütüphanesi | CHP Kütüphanesi | 09/21/2020 | 266 P69m 2004 | 019580 | 09/21/2020 | 09/21/2020 | Emine Başak Alkan Bağışıdır. | Books | |
| Parti Okulu Kütüphanesi | Parti Okulu Kütüphanesi | 08/13/2021 | 266 P69m 2004 | P00836 | 08/13/2021 | 08/13/2021 | Emin Değer Bağışıdır. | Books |
